ბათუმის შოთა რუსთაველის სახელმწიფო უნივერსიტეტის ბიბლიოთეკა

Strafrecht Besonderer Teil 2 : (ბიბ.ჩანაწერი № 60846)

000 -LEADER
fixed length control field 00726nam a22001937a 4500
005 - DATE AND TIME OF LATEST TRANSACTION
control field 20231107114803.0
008 - FIXED-LENGTH DATA ELEMENTS--GENERAL INFORMATION
fixed length control field 231107s2016 gw ||||| |||| 00| 0 ger d
020 ## - INTERNATIONAL STANDARD BOOK NUMBER
International Standard Book Number 9783811442634
041 ## - LANGUAGE CODE
Language code of text/sound track or separate title ger
080 ## - UNIVERSAL DECIMAL CLASSIFICATION NUMBER
Universal Decimal Classification number 343.7 H-66
100 ## - MAIN ENTRY--PERSONAL NAME
Personal name Hillenkamp, Thomas
9 (RLIN) 20297
245 ## - TITLE STATEMENT
Title Strafrecht Besonderer Teil 2 :
Remainder of title Straftaten gegen Vermögenswerte. Mit ebook: Lehrbuch, Entscheidungen, Gesetzestexte /
Statement of responsibility, etc. Thomas Hillenkamp.
264 ## - PRODUCTION, PUBLICATION, DISTRIBUTION, MANUFACTURE, AND COPYRIGHT NOTICE
Place of production, publication, distribution, manufacture Heidelberg,
Name of producer, publisher, distributor, manufacturer ‎C.F. Müller,
Date of production, publication, distribution, manufacture, or copyright notice 2016.
300 ## - PHYSICAL DESCRIPTION
Extent 519 p. ;
Other physical details 24 cm.
653 ## - INDEX TERM--UNCONTROLLED
keyword დანაშაული
653 ## - INDEX TERM--UNCONTROLLED
keyword სამართლებრივი ტექსტები
653 ## - INDEX TERM--UNCONTROLLED
keyword სისხლის სამართალი
942 ## - ADDED ENTRY ELEMENTS (KOHA)
Source of classification or shelving scheme
Koha item type წიგნი
ეგზემპლარები
Withdrawn status Lost status Source of classification or shelving scheme Damaged status Not for loan Permanent Location Current Location Shelving location Date acquired Cost, normal purchase price Full call number Barcode Date last seen Copy number Price effective from Koha item type Public note
          ბათუმის შოთა რუსთაველის სახელმწიფო უნივერსიტეტის მთავარი ბიბლიოთეკა ბათუმის შოთა რუსთაველის სახელმწიფო უნივერსიტეტის მთავარი ბიბლიოთეკა წიგნსაცავი 2023-11-07 12.00 343.7 H-66 66700 2023-11-07 66700 2023-11-07 წიგნი 12 ლ.